Eredivisie clubs 2025/2026 - Statistieken

Algemene statistieken
  • Deze quiz is 247 keer genomen
    89 sinds de laatste reset
  • De gemiddelde score is 15 van 18
Antwoordstatistieken
Antwoord % Correct
Ajax
100%
Feyenoord
97%
PSV
96%
AZ
90%
FC Groningen
89%
FC Utrecht
89%
NAC Breda
88%
FC Twente
86%
Sparta Rotterdam
86%
N.E.C.
85%
SC Heerenveen
82%
FC Volendam
81%
Telstar
81%
PEC Zwolle
78%
Heracles Almelo
77%
Fortuna Sittard
74%
Go Ahead Eagles
73%
Excelsior
71%
Geen overeenkomende quizzen gevonden
Scoreverdeling
Procent van Mensen met Elke Score
Percentiel versus Aantal Correcte Antwoorden
Uw Scoregeschiedenis
U heeft deze quiz nog niet genomen sinds de laatste reset